Capitales d'Amérique du Nord - Quiz - Statistiques

Statistiques générales
  • Ce quiz a été pris 521 fois
  • Le résultat moyen est 15 sur 23
Statistiques - réponses
Pays Capitale % Correct
États-Unis Washington D.C.
98%
Mexique Mexico City
95%
Canada Ottawa
95%
Cuba La Havane
88%
Panama Panama
85%
Guatemala Guatemala
78%
Jamaïque Kingston
76%
Salvador San Salvador
74%
Haïti Port-au-Prince
71%
Bahamas Nassau
66%
République Dominicaine Santo Domingo
65%
Costa Rica San José
64%
Nicaragua Managua
58%
Honduras Tegucigalpa
58%
Belize Belmopan
56%
Antigua-et-Barbuda Saint John's
55%
Trinité et Tobago Port-d'Espagne
52%
Barbade Bridgetown
49%
Saint-Vincent-et-les-Grenadines Kingstown
48%
Dominique Roseau
48%
Saint-Christophe-et-Niévès Basseterre
46%
Sainte Lucie Castries
45%
Grenade Saint-Georges
44%
Aucun quiz correspondant
Distribution des résultats
% des personnes avec chaque résultat
Percentile par nombre de réponses
Votre historique - résultats
Vous n’avez pas pris ce quiz